| 000 | 00309nam a22001217a 4500 | ||
|---|---|---|---|
| 020 | _a0028040481 | ||
| 040 | _cnust | ||
| 082 |
_29th Edition _a808.042 _bSAB |
||
| 100 |
_aSabin. A William _9122644 |
||
| 245 | _a The Gregg Reference Manual | ||
| 650 |
_a The Gregg Reference Manual _9122645 |
||
| 942 |
_2ddc _cBK |
||
| 999 |
_c609098 _d609098 |
||